Record Details

Spot Bakes A Cake

Eric Hill (Author).

Record details

  • ISBN: 9780723263586
  • Physical Description: Hardcover
  • Publisher: London: Fredrick Warne, 2009.
Subject: Spot--Juvenile fiction

Available copies

  • 1 of 1 copy available at Headquarters.
Location Call Number / Copy Notes Barcode Shelving Location Status Due Date
Accra Central Library 201 JFIC/HIL 000000528399 Childrens' Fiction - EXT Available -

No reviews or recommendations are currently available.

Loading shelf browser…

LDR 00620cam a2200205Ka 4500
0011344
003HQ
00520191101123552.0
008070101s xxkc ar 1 eng d
020 . ‡a9780723263586
037 . ‡aBook Aid
082 . ‡aJFIC/HIL
100 . ‡aEric Hill
245 . ‡aSpot Bakes A Cake
260 . ‡aLondon: ‡bFredrick Warne, ‡c2009.
300 . ‡aHardcover
650 . ‡aSpot--Juvenile fiction
901 . ‡a1344 ‡bAUTOGEN ‡c1344 ‡tbiblio

Session Timeout

Your session will expire in minutes and seconds.

If you need more time, please click "Continue Session."

Session Ended

Your session has ended. Redirecting to the home page...